| 000 | 00789cam a22002415a 4500 | ||
|---|---|---|---|
| 008 | |||
| 020 | _a9781856046183 (pbk.) | ||
| 049 | _aMAIN | ||
| 090 |
_aZ695.Z8 _bBRO |
||
| 100 | 1 | _aBroughton, Vanda. | |
| 245 | 1 | 0 |
_aEssential Library of Congress subject headings / _cVanda Broughton. |
| 260 |
_aLondon : _bFacet Publishing, _c2012. |
||
| 300 |
_aix, 278 p. : _bill. ; _c24 cm. |
||
| 500 | _aIncludes index. | ||
| 504 | _aIncludes bibliographical references. | ||
| 650 | 0 |
_aSubject headings, Library of Congress _vHandbooks, manuals, etc. |
|
| 650 | 0 |
_aSubject cataloging _vHandbooks, manuals, etc. |
|
| 907 |
_a.b10377712 _b30-08-18 _c20-12-16 |
||
| 003 | |||
| 005 | 20241105204040.0 | ||
| 040 | _cNUST | ||
| 942 |
_cBOOKS _kZ695.Z8 _mBRO _01 |
||
| 999 |
_c130328 _d130328 |
||